Nghiên cứu việc khai thác và sử dụng phương tiện nghe nhìn nhằm nâng cao hiệu quả dạy học chương cảm ứng điện từ Vật lý 11 nâng cao

Cơ sở khoa học của việc khai thác và sử dụng phương tiện nghe nhìn vào dạy học vật lí. Khai thác sử dụng phương tiện nghe nhìn dạy học chương cảm ứng điện tử vật lí 11 nâng cao. Thực nghiệm Sư phạm.

Đã lưu trong:
書目詳細資料
主要作者: Nguyễn, Lê Phương Uyên
其他作者: Lê, Thanh Huy (hướng dẫn)
格式: 圖書
語言:Vietnamese
出版: Đà Nẵng Trường Đại học Sư phạm 2012
主題:
標簽: 添加標簽
沒有標簽, 成為第一個標記此記錄!
Thư viện lưu trữ: Mạng thư viện Đại học Đà Nẵng
LEADER 01787nam a2200349 4500
001 000016985
003 13396
005 20130129140157.0
008 130117s2012 viesd
041 |a vie 
082 1 4 |a 530.07  |b NG-U 
100 1 |a Nguyễn, Lê Phương Uyên 
245 0 0 |a Nghiên cứu việc khai thác và sử dụng phương tiện nghe nhìn nhằm nâng cao hiệu quả dạy học chương cảm ứng điện từ Vật lý 11 nâng cao  |c Nguyễn Lê Phương Uyên ; Lê Thanh Huy hướng dẫn.  |k Báo cáo khoa học 
260 |a Đà Nẵng  |b Trường Đại học Sư phạm  |c 2012 
300 |a 61 tr.  |b mh. màu  |c 29 cm. 
500 |a Công trình tham gia hội nghị sinh viên nghiên cứu khoa học Trường Đại học Sư phạm năm 2012. Khoa Vật Lý 
520 |a Cơ sở khoa học của việc khai thác và sử dụng phương tiện nghe nhìn vào dạy học vật lí. Khai thác sử dụng phương tiện nghe nhìn dạy học chương cảm ứng điện tử vật lí 11 nâng cao. Thực nghiệm Sư phạm. 
650 0 4 |a Cảm ứng điện từ  |v Báo cáo khoa học  |x Dạy và học 
653 |a Nghiên cứu khoa học 
653 |a Giáo dục phổ thông 
700 1 |a Lê, Thanh Huy  |e hướng dẫn 
OWN |a LSP 
AVA |a UDN50  |b LSP  |d 530.07 NG-U  |e available  |t Error 5001 Not defined in file expand_doc_bib_avail.  |f 1  |g 0  |h N  |i 0  |k 1 
999 |a From the UDN01 
AVA |a UDN50  |b LSP  |d 530.07 NG-U  |e available  |t Error 5001 Not defined in file expand_doc_bib_avail.  |f 1  |g 0  |h N  |i 0  |k 1 
TYP |a Mixed Materials 
TYP |a Monograph 
TYP |a Printed language 
980 |a Mạng thư viện Đại học Đà Nẵng